textbook of medical embryology; normal and abnormal development (Record no. 192766)

MARC details
000 -LEADER
fixed length control field 00471nam a2200181Ia 4500
003 - CONTROL NUMBER IDENTIFIER
control field OSt
005 - DATE AND TIME OF LATEST TRANSACTION
control field 20250901115450.0
020 ## - INTERNATIONAL STANDARD BOOK NUMBER
International Standard Book Number 9966-44-157-3
040 ## - CATALOGING SOURCE
Transcribing agency LC
050 ## - LIBRARY OF CONGRESS CALL NUMBER
Classification number QL 955 .F 37 1980
Item number 5
100 ## - MAIN ENTRY--PERSONAL NAME
Personal name FASANA, F
245 #0 - TITLE STATEMENT
Title textbook of medical embryology; normal and abnormal development
260 ## - PUBLICATION, DISTRIBUTION, ETC.
Place of publication, distribution, etc. NAIROBI,
Name of publisher, distributor, etc. KENYA LITERATURE BUREAU,
Date of publication, distribution, etc. 1980,
300 ## - PHYSICAL DESCRIPTION
Extent Viii, 321 P, ILL
500 ## - GENERAL NOTE
General note INCLUDES INDEX
650 ## - SUBJECT ADDED ENTRY--TOPICAL TERM
Topical term or geographic name entry element Embryology
942 ## - ADDED ENTRY ELEMENTS (KOHA)
Koha item type Long Loan Book
Source of classification or shelving scheme Library of Congress Classification
Suppress in OPAC No
Holdings
Withdrawn status Lost status Source of classification or shelving scheme Damaged status Not for loan Collection Home library Current library Shelving location Date acquired Inventory number Total checkouts Full call number Barcode Date last seen Copy number Price effective from Koha item type
    Library of Congress Classification     Medicine Kisii University Library Kisii University Library On Display 09/15/2023 094044   QL 955 .F 37 1980 012783 09/15/2023 5 09/15/2023 Long Loan Book